| 000 | 00881nac a22002411u 4500 | ||
|---|---|---|---|
| 010 | _a 59015457 | ||
| 035 | _a(OCoLC)1543170 | ||
| 082 |
_a621.3 _bC5912 |
||
| 090 |
_c3432 _d3432 |
||
| 100 | _aClement, Preston R. | ||
| 245 | 1 | 0 |
_aElectrical engineering science _c[by] Preston R. Clement [and] Walter C. Johnson. |
| 260 |
_aNew York, _bMcGraw-Hill, _c1960. |
||
| 300 |
_a588 p. _billus. _c24 cm. |
||
| 440 | 0 | _aMcGraw-Hill electrical and electronic engineering series | |
| 500 | _aPrinceton University series. | ||
| 500 | _aDonations. | ||
| 500 | _aDonations - Bibliotheca Alexandrina. | ||
| 504 | _aIncluding Index. | ||
| 650 | 0 | _aElectric engineering. | |
| 700 | 1 |
_aJohnson, Walter Curtis, _d1913- |
|
| 942 |
_cBB _k621.3C5912 |
||
| 999 |
_c3432 _d3432 |
||